| 000 | 00960nam a22002297a 4500 | ||
|---|---|---|---|
| 005 | 20240530110917.0 | ||
| 008 | 220221s2009 ua c g b 000 0 ara d | ||
| 017 |
_bمصر. دار الكتب _a2003/2678 |
||
| 020 | _a9770311227 | ||
| 040 |
_aEG-CaGPL _cEG-CaGPL |
||
| 082 | 0 | 4 |
_221 _a331.137 / _bم ب |
| 100 | 0 | _aمحمد علاء الدين عبدالقادر | |
| 245 | 1 | 2 |
_aالبطالة : _bاساليب المواجهة لدعم السلام الاجتماعى والامن القومى فى ظل الجات العولمة تحديات الاصلاح الاقتصادى / _cمحمد علاء الدين عبدالقادر |
| 260 |
_aالاسكندرية : _bمنشأة المعارف ، _c2003 |
||
| 300 |
_a243 ص؛ _c24 سم |
||
| 650 | 0 | 7 |
_aالبطالة _2qrmak |
| 650 | 0 | 7 |
_aالعولمة _2qrmak |
| 650 | 0 | 7 |
_aالاصلاح الاقتصادى _2qrmak |
| 651 | _2qrmak | ||
| 942 |
_2ddc _cBK |
||
| 999 |
_c66403 _d66403 |
||